Riconosci la Squadra di calcio - Quiz n°355 - Statistics

Statistiche generali
  • Questo quiz è stato fatto 9 volte
  • Il punteggio medio è 5 su 9
Statistiche sulle risposte
Indizio Risposta % Corretto
Titoli nazionali 5 Ligue 2
100%
Colori sociali Bianco, rosso
100%
Divisione nazionale 2023-2024 Terza
88%
Fondazione 1967
50%
Trofei nazionali 1 Coppe di Francia 1 Coppe di Lega francese
50%
Confederazione UEFA
50%
Trofei internazionali 0
38%
Capienza Stadio 20 085 posti
13%
Squadra Nancy
0%
Nessun quiz corrispondente trovato
Distribuzione punteggi
Percentuale di utenti per punteggio
Percentile per numero di risposta
I tuoi punteggi nel tempo
Non hai fatto questo quiz